Big 4 Teams with a 'K' Quiz Stats

 Plays Quiz Updated Jun 12, 2017

Challenge
Share
Tweet
Embed
Score 0/21 Timer 03:00
16 Plays Today
% Correct
Sacramento Kings
78.8%
Los Angeles Kings
78.8%
New York Knicks
75.8%
Green Bay Packers
60.8%
Atlanta Hawks
59.2%
Seattle Seahawks
58.8%
Minnesota Vikings
57.9%
Los Angeles Lakers
57%
New York Yankees
54.4%
Vancouver Canucks
50.1%
Chicago Blackhawks
49.6%
% Correct
Milwaukee Bucks
48.6%
Washington Redskins
47.1%
Dallas Mavericks
44.1%
Houston Rockets
43.1%
Arizona Diamondbacks
41.9%
Colorado Rockies
41.8%
Anaheim Ducks
38.1%
San Jose Sharks
33.6%
Columbus Blue Jackets
30.3%
Vegas Golden Knights
29.2%

You're not logged in!

Compare scores with friends on all Sporcle quizzes.
Join for Free
OR
Log In

You Might Also Like...

Show Comments

Extras

Top Quizzes Today


Score Distribution

Your Account Isn't Verified!

In order to create a playlist on Sporcle, you need to verify the email address you used during registration. Go to your Sporcle Settings to finish the process.

Report this User

Report this user for behavior that violates our Community Guidelines.

Details: